Transgenic animal technology: a laboratory handbook. (Record no. 163700)
[ view plain ]
| 000 -LEADER | |
|---|---|
| fixed length control field | 00568nam a2200205Ia 4500 |
| 003 - CONTROL NUMBER IDENTIFIER | |
| control field | OSt |
| 005 - DATE AND TIME OF LATEST TRANSACTION | |
| control field | 20230612100837.0 |
| 008 - FIXED-LENGTH DATA ELEMENTS--GENERAL INFORMATION | |
| fixed length control field | 210423s2002 xx 000 0 und d |
| 020 ## - INTERNATIONAL STANDARD BOOK NUMBER | |
| International Standard Book Number | 125571666 |
| 040 ## - CATALOGING SOURCE | |
| Transcribing agency | AL |
| 082 ## - DEWEY DECIMAL CLASSIFICATION NUMBER | |
| Classification number | 574.87322 |
| Edition number | 23 |
| Item number | PINC |
| 100 ## - MAIN ENTRY--PERSONAL NAME | |
| Personal name | PINKERT (Carl A),Ed. |
| 9 (RLIN) | 99110 |
| 245 ## - TITLE STATEMENT | |
| Title | Transgenic animal technology: a laboratory handbook. |
| 250 ## - EDITION STATEMENT | |
| Edition statement | 2 |
| 260 ## - PUBLICATION, DISTRIBUTION, ETC. | |
| Place of publication, distribution, etc. | New Delhi |
| Name of publisher, distributor, etc. | Academic Press |
| Date of publication, distribution, etc. | 2002 |
| 300 ## - PHYSICAL DESCRIPTION | |
| Extent | xv,618 |
| Other physical details | HB |
| 365 ## - TRADE PRICE | |
| Price amount | 4314 |
| Currency code | INR |
| 906 ## - LOCAL DATA ELEMENT F, LDF (RLIN) | |
| a | animal ; handbook. ; laboratory ; technology: ; Transgenic |
| 942 ## - ADDED ENTRY ELEMENTS (KOHA) | |
| Source of classification or shelving scheme | Dewey Decimal Classification |
| Koha item type | Book |
| Withdrawn status | Lost status | Damaged status | Not for loan | Collection code | Home library | Current library | Date acquired | Total Checkouts | Full call number | Barcode | Date last seen | Price effective from | Koha item type | Source of acquisition | Cost, normal purchase price |
|---|---|---|---|---|---|---|---|---|---|---|---|---|---|---|---|
| Bio Technology | St Aloysius PG Library | St Aloysius PG Library | 07/29/2008 | 574.87322 PINC | PG010189 | 08/24/2022 | 04/26/2021 | Book | |||||||
| Bio Technology | St Aloysius PG Library | St Aloysius PG Library | 07/29/2008 | 574.87322 PINC | PG010190 | 08/24/2022 | 04/26/2021 | Book | |||||||
| Bio Technology | St Aloysius PG Library | St Aloysius PG Library | 08/07/2008 | 574.87322 PINC | PG010197 | 08/24/2022 | 04/26/2021 | Book | Athulya Books | 4314.00 |